| 000 | 01074cam a2200241 4500 | ||
|---|---|---|---|
| 001 | gs 65000302 | ||
| 003 | DLC | ||
| 005 | 20260227111417.0 | ||
| 008 | 690710s1965 dcua b 00000 eng c | ||
| 010 | _ags 65000302 //r862 | ||
| 040 | _aU.S. Geol. Survey. Library | ||
| 110 | 2 | 0 | _aGeological Survey (U.S.) |
| 245 | 1 | 0 | _aChemistry of manganese in natural water. |
| 260 | 0 |
_a[Washington, _bU.S. Govt. Print. Off., _c1965] |
|
| 300 |
_a4 pts. in 1 v. _billus. _c24 cm. |
||
| 490 | 1 |
_aWater-supply paper _v1667 |
|
| 500 | _aIssued as separate chapters A-D. | ||
| 504 | _aIncludes bibliographies. | ||
| 505 | 0 | _apt. A. Chemical equilibria and rates of manganese oxidation, by J. D. Hem.--pt. B. Deposition and solution of manganese oxides, by J. D. Hem.--pt. C. Intracellular and extracellular concentration of manganese and other elements by aquatic organisms, by E. T. Oborn.--pt. D. Reduction and complexing of manganese by gallic acids, by J. D. Hem. | |
| 650 | 0 |
_aWater _xAnalysis. |
|
| 650 | 0 | _aManganese. | |
| 830 | 0 |
_aGeological Survey water-supply paper ; _v1667. |
|
| 999 |
_c30066 _d30066 |
||